000 00268nam a22001217a 4500
008 170619b xxu||||| |||| 00| 0 eng d
041 _aeng
080 _a32
100 _a20
101 _aSHP
245 _aYHEORY INTERNATIONAL POLITICS
_cWAIT.K.N
942 _2udc
_cBK
999 _c18071
_d18071